Fußballer bei AC Mailand - Fußball Sudden Death #4 - Statistiken

Allgemein
  • Dieses Quiz wurde 1.165 mal gespielt
  • Das Durchschnittsergebnis liegt bei 7 aus 14
Answers on the Grid
Answers color-coded by a green-red scale on the quiz's grid according to % correct below.
Ronaldo Nazario
Kingsley Coman
Arturo Vidal
Zinedine Zidane
Patrick Vieira
Georginio Wijnaldum
Emerson Royal
Andre Silva
Javier Mascherano
Lukas Podolski
Robinho
Manuel Locatelli
Axel Witsel
Mario Balotelli
Diego Forlan
Adama Traore
Diego Carlos
Lucas Paqueta
Marco van Basten
Marco Asensio
Carlos Tevez
Andrea Pirlo
Loris Karius
Pierre-Emerick Aubameyang
Didier Drogba
Marco Verratti
Matteo Darmian
Gianluigi Donnarumma
Philippe Mexes
Matheus Cunha
 
Antwortstatistiken
Antwort % Korrekt
Ronaldo Nazario
76%
Andrea Pirlo
73%
Gianluigi Donnarumma
73%
Mario Balotelli
68%
Marco van Basten
66%
Robinho
60%
Philippe Mexes
53%
Emerson Royal
49%
Andre Silva
46%
Pierre-Emerick Aubameyang
43%
Patrick Vieira
40%
Lucas Paqueta
34%
Matteo Darmian
34%
Manuel Locatelli
31%
Keine übereinstimmenden Quizze gefunden
Verteilung der Resultate
Anzahl Personen mit jedem Resultat
Perzentil nach korrekt beantworteten Fragen
Ihre Resultats-Entwicklung
Sie haben dieses Quiz noch nicht gespielt